000 01032nam a2200121Ia 4500
008 220620s9999||||xx |||||||||||||| ||und||
100 _aJayemanne, Darshana
245 0 _aGaming and the Arts of Storytelling
546 _aEnglish[eng]
650 _aplay||n/a||storytelling||poetics||roleplay||survival horror||game storytelling||game narrative||pornography||empathy games||games||ludonarrative dissonance||Larry McMurtry||digital games||AAA||mapping||ludology||fantasy||fifth look||choice poetics||film||musicals||literary adaptation||choices||video games||politics||gender||interactive storytelling||FPS||narrative games||Gamergate||transmedia||remediation||narrative theory||psychology||the uncanny||shared vocabulary||complicity||ability||Haraway||videogames||Twin Peaks||Deadly Premonition||Alien||gaming||defamiliarization||ludonarrative||Walter Benjamin||narratology||carnivalesque||Bakhtin||player goals||interactive digital narrative||game fiction||cyborg
856 _uhttps://mdpi.com/books/pdfview/book/1422
942 _cEB
999 _c34652
_d34652